00893nam a2200265 a 4500003000900000005001700009007000300026008004100029020001800070040004200088082001500130100003700145245004300182250002000225260005800245300002500303490002500328500012700353521001700480546001400497650003100511650002900542650001900571830003700590AR-BeUNQ20231005143809.0ta221202s2021 ag gr 001 p spa d a9789873612503 aAR-BaBNbspaeaacrcAR-BaBNdAR-BeUNQ04221aAr 8611 aAnnibali, Eugenia, eaut.d1978-10aCurva de remanso / cElena Anníbali. a1a ed. especial aCórdoba, Argentina :bCaballo Negro Editora,c2021. a37 p. ;c18 x 12 cm.1 aColección Poesía aColección Literaria para el Nivel Secundario del Plan Nacional de Lecturas del Ministerio de Educación de la Nación. aTodo publico aEspañol 7aLiteratura argentina2tell 7aLiteratura juvenil2tell 7aPoesía2tell 0aPoesía (Caballo Negro Editora)